[Event "España ch 1ª Division Norte"]
[Site "Barcelona ESP"]
[Date "2005.08.13"]
[Round "5.9"]
[White "Castellet Giralt, Gabriel"]
[Black "Arce Balluerca, Jorge"]
[Result "1-0"]
[WhiteElo "2224"]
[BlackElo "2115"]
[PlyCount "73"]
[EventDate "2005.08.11"]
[EventType "team"]
[EventRounds "6"]
[EventCountry "ESP"]
[Source "lmi"]
[SourceDate "2005.08.14"]

1. d4 g6 2. c4 Bg7 3. Nc3 Nf6 4. e4 d6 5. f4 c5 6. dxc5 Qa5 7. Bd3 Qxc5 8. Qe2
Nc6 9. Nf3 O-O 10. Be3 Qh5 11. h3 Bd7 12. O-O Rac8 13. Rac1 Rfd8 14. Rfd1 Ne8
15. Qf2 h6 16. Bf1 Qa5 17. Rd5 Qc7 18. Nb5 Qb8 19. Nxa7 Nf6 20. Nxc8 Nxd5 21.
cxd5 Rxc8 22. dxc6 bxc6 23. Bd4 e5 24. fxe5 dxe5 25. Bc3 Be6 26. b3 f5 27. exf5
gxf5 28. Re1 e4 29. Bxg7 Kxg7 30. Nd4 Qe5 31. Nxe6+ Qxe6 32. Qd4+ Kh7 33. Bc4
Qe7 34. Rd1 Rc7 35. Qd8 Qxd8 36. Rxd8 f4 37. Rf8 1-0

[Event "España ch 1ª Division Norte"]
[Site "Barcelona ESP"]
[Date "2005.08.13"]
[Round "5.9"]
[White "Fernandez de Betoño, Carlos"]
[Black "Escandell Mari, Juan Carlos"]
[Result "1-0"]
[WhiteElo "2004"]
[BlackElo "2158"]
[PlyCount "113"]
[EventDate "2005.08.11"]
[EventType "team"]
[EventRounds "6"]
[EventCountry "ESP"]
[Source "lmi"]
[SourceDate "2005.08.14"]

1. d4 Nf6 2. c4 g6 3. Nc3 d5 4. cxd5 Nxd5 5. e4 Nxc3 6. bxc3 Bg7 7. Be3 O-O 8.
Rc1 c5 9. Nf3 Qa5 10. Qd2 cxd4 11. cxd4 Qxd2+ 12. Nxd2 Nc6 13. Nb3 Rd8 14. d5
Nb4 15. a3 Na2 16. Rc2 Nc3 17. f3 e6 18. Bg5 f6 19. Bd2 Na4 20. Bb5 Nb6 21.
dxe6 Bxe6 22. Nc5 Bc8 23. O-O f5 24. Bc3 fxe4 25. Bxg7 Kxg7 26. Nxe4 a6 27.
Rc7+ Bd7 28. Bxd7 Rxd7 29. Rxd7+ Nxd7 30. Rc1 Rf8 31. Rc7 Rf7 32. Nd6 Re7 33.
Rxb7 Kf8 34. Ne4 Ke8 35. Ra7 Re6 36. Rxd7 Kxd7 37. Nc5+ Ke7 38. Nxe6 Kxe6 39.
Kf2 Kd5 40. Ke3 Kc4 41. Ke4 Kb3 42. g4 g5 43. f4 gxf4 44. g5 Kxa3 45. h4 a5 46.
h5 a4 47. g6 hxg6 48. h6 Kb2 49. h7 a3 50. h8=Q+ Kb1 51. Qh1+ Kb2 52. Qg2+ Kb1
53. Qf1+ Kb2 54. Qe2+ Kb1 55. Qd1+ Kb2 56. Qd2+ Kb1 57. Qb4+ 1-0

[Event "España ch 1ª Division Norte"]
[Site "Barcelona ESP"]
[Date "2005.08.13"]
[Round "5.9"]
[White "Peralta, Fernando"]
[Black "Ruiz Gomez, Alejandro"]
[Result "1-0"]
[WhiteElo "2553"]
[BlackElo "2333"]
[PlyCount "83"]
[EventDate "2005.08.11"]
[EventType "team"]
[EventRounds "6"]
[EventCountry "ESP"]
[Source "lmi"]
[SourceDate "2005.08.14"]

1. d4 Nf6 2. c4 c5 3. d5 a6 4. Nf3 b5 5. Qc2 d6 6. e4 g6 7. a4 b4 8. b3 Bg7 9.
Bb2 O-O 10. Nbd2 e5 11. g3 Ra7 12. h3 Nh5 13. Nh4 Bh6 14. O-O-O f5 15. exf5
gxf5 16. Be2 Ng7 17. Kb1 Raf7 18. Ng2 f4 19. Bd3 fxg3 20. Bxh7+ Kh8 21. fxg3
Bxd2 22. Nh4 Bg5 23. Ng6+ Kxh7 24. Nxf8+ Kg8 25. Ne6 Qe7 26. Qg6 Bf6 27. Rhf1
Bxe6 28. dxe6 Qxe6 29. Qe4 Ra7 30. g4 Nd7 31. h4 Bxh4 32. Rh1 Bf6 33. Rdf1 Nf8
34. g5 Rf7 35. gxf6 Rxf6 36. Ka2 Rxf1 37. Rxf1 Ng6 38. Qa8+ Ne8 39. Qxa6 Nf4
40. Qb7 Qh6 41. Rg1+ Kh8 42. Rh1 1-0

[Event "España ch 1ª Division Norte"]
[Site "Barcelona ESP"]
[Date "2005.08.13"]
[Round "5.10"]
[White "Blazquez Gomez, Jose Luis"]
[Black "Lariño Nieto, David"]
[Result "0-1"]
[WhiteElo "2226"]
[BlackElo "2350"]
[PlyCount "100"]
[EventDate "2005.08.11"]
[EventType "team"]
[EventRounds "6"]
[EventCountry "ESP"]
[Source "lmi"]
[SourceDate "2005.08.14"]

1. d4 e6 2. Nf3 d5 3. g3 c5 4. c3 Nc6 5. Bg2 Nf6 6. O-O Be7 7. Nbd2 cxd4 8.
cxd4 O-O 9. Nb3 b6 10. Bg5 h6 11. Bf4 a5 12. Rc1 Bb7 13. Ne5 Rc8 14. a3 Bd6 15.
Nxc6 Bxc6 16. Bxd6 Qxd6 17. Qd2 Ba4 18. Rc3 Rc4 19. Rfc1 Rfc8 20. Na1 R8c7 21.
e3 Qf8 22. Rxc4 dxc4 23. Qe1 Qd6 24. Bf1 Qd5 25. Bg2 Qb5 26. Qc3 Nd5 27. Qd2
Ne7 28. e4 e5 29. d5 Nc8 30. Qc3 f6 31. Nc2 Bxc2 32. Rxc2 Nd6 33. Qf3 Qa4 34.
Rc1 Nb5 35. Qh5 Nd4 36. Bh3 Rf7 37. Kg2 Rf8 38. Qg6 f5 39. Bxf5 Rf6 40. Qh7+
Kf7 41. Qh8 Nxf5 42. exf5 Qd7 43. Qa8 Qxf5 44. Rf1 e4 45. Qd8 e3 46. Qc7+ Kg8
47. f4 Qxd5+ 48. Kg1 Kh7 49. Rc1 e2 50. Kf2 Qd1 0-1

[Event "España ch 1ª Division Norte"]
[Site "Barcelona ESP"]
[Date "2005.08.13"]
[Round "5.10"]
[White "Martinez Perez, Jorge"]
[Black "Pena Gomez, Manuel"]
[Result "0-1"]
[WhiteElo "2030"]
[BlackElo "2297"]
[PlyCount "108"]
[EventDate "2005.08.11"]
[EventType "team"]
[EventRounds "6"]
[EventCountry "ESP"]
[Source "lmi"]
[SourceDate "2005.08.14"]

1. Nf3 Nf6 2. b3 c5 3. Bb2 e6 4. e3 Be7 5. Be2 O-O 6. O-O b6 7. d3 Bb7 8. Nbd2
Qc7 9. a4 d6 10. Nc4 Nbd7 11. e4 Rac8 12. Qd2 Rfd8 13. e5 dxe5 14. Nfxe5 Nxe5
15. Bxe5 Qd7 16. Qg5 Ne8 17. Qg4 Bf6 18. f4 Bxe5 19. fxe5 Qd4+ 20. Qxd4 cxd4
21. Bg4 Ba6 22. Rf4 g5 23. Rf2 Bxc4 24. dxc4 Rc5 25. Raf1 Rd7 26. Bh5 Rcc7 27.
Rd2 Ng7 28. Bg4 h5 29. Be2 Rc5 30. c3 Rxe5 31. cxd4 Re3 32. Rf3 Rxf3 33. Bxf3
Nf5 34. d5 exd5 35. Bxd5 Kg7 36. Kf2 Kf6 37. Ke1 Re7+ 38. Kd1 Ne3+ 39. Kc1 Nxd5
40. Rxd5 Re1+ 41. Kc2 Re2+ 42. Rd2 Rxd2+ 43. Kxd2 Ke5 44. Kd3 a5 45. Ke3 f5 46.
g3 f4+ 47. gxf4+ gxf4+ 48. Kf3 Kf5 49. h3 h4 50. Ke2 Ke4 51. Kf2 f3 52. b4 axb4
53. c5 bxc5 54. a5 Kd5 0-1

[Event "España ch 1ª Division Norte"]
[Site "Barcelona ESP"]
[Date "2005.08.13"]
[Round "5.10"]
[White "Salgado Lopez, Ivan"]
[Black "Blazquez Gomez, Miguel"]
[Result "1-0"]
[WhiteElo "2340"]
[BlackElo "2083"]
[PlyCount "62"]
[EventDate "2005.08.11"]
[EventType "team"]
[EventRounds "6"]
[EventCountry "ESP"]
[Source "lmi"]
[SourceDate "2005.08.14"]

1. e4 e5 2. Nf3 d6 3. d4 Qe7 4. Nc3 c6 5. h3 h6 6. a4 g5 7. Be2 Nf6 8. b3 Qc7
9. Bb2 Nbd7 10. Qd2 b6 11. h4 g4 12. Nh2 h5 13. Nf1 Bh6 14. Qd1 Bb7 15. Ng3
O-O-O 16. O-O Ne8 17. d5 Kb8 18. dxc6 Bxc6 19. a5 bxa5 20. Nb5 Bxb5 21. Bxb5
Nc5 22. Bc3 Nb7 23. Qe2 Rc8 24. Bc4 f6 25. Bxa5 Qc5 26. Bb4 Qd4 27. Nf5 Qb6 28.
Ra6 Qc7 29. Nxh6 g3 30. Nf5 Nc5 31. Bxc5 Qxc5 1-0

[Event "España ch 1ª Division Norte"]
[Site "Barcelona ESP"]
[Date "2005.08.13"]
[Round "5.11"]
[White "Garcia Gonzalez, Fernando"]
[Black "Segura Ariza, Jose Luis"]
[Result "1-0"]
[WhiteElo "2159"]
[BlackElo "2204"]
[PlyCount "98"]
[EventDate "2005.08.11"]
[EventType "team"]
[EventRounds "6"]
[EventCountry "ESP"]
[Source "lmi"]
[SourceDate "2005.08.14"]

1. Nf3 d5 2. d4 c6 3. c4 e6 4. cxd5 exd5 5. Nc3 Bf5 6. Qb3 Qb6 7. Bf4 Qxb3 8.
axb3 Nd7 9. e3 Ngf6 10. Be2 Be7 11. O-O Ne4 12. Nxe4 Bxe4 13. Nd2 Bf5 14. f3
Bb4 15. e4 Bxd2 16. Bxd2 dxe4 17. fxe4 Bxe4 18. Bg4 Bd5 19. Bb4 Nf8 20. Bc5 a6
21. b4 Ne6 22. Rfe1 O-O-O 23. b5 cxb5 24. Ba7 Rd6 25. Re5 Rhd8 26. Rc1+ Rc6 27.
Rf1 Rd7 28. Rff5 Rc1+ 29. Kf2 Rc2+ 30. Ke3 Rxg2 31. Bd1 g6 32. Rf6 Rxh2 33. Bg4
h5 34. Rxd5 Rxd5 35. Bf3 Rf5 36. Rxf5 gxf5 37. d5 Ng5 38. Bd1 h4 39. Kf4 Rd2
40. Bh5 Ne4 41. Bxf7 Kc7 42. Be3 Rxb2 43. Bd4 Rb4 44. Be5+ Nd6+ 45. Kg5 Rg4+
46. Kf6 Re4 47. Bh2 f4 48. Bh5 a5 49. Bg6 Rc4 1-0

[Event "España ch 1ª Division Norte"]
[Site "Barcelona ESP"]
[Date "2005.08.13"]
[Round "5.11"]
[White "Sauleda Roig, Jaume"]
[Black "Iglesias Leon, Francisco J"]
[Result "0-1"]
[WhiteElo "2172"]
[BlackElo "2131"]
[PlyCount "70"]
[EventDate "2005.08.11"]
[EventType "team"]
[EventRounds "6"]
[EventCountry "ESP"]
[Source "lmi"]
[SourceDate "2005.08.14"]

1. d4 Nf6 2. c4 c5 3. d5 b5 4. cxb5 a6 5. b6 Qxb6 6. Nc3 d6 7. Nf3 a5 8. e4 a4
9. Be2 Bg4 10. O-O Nbd7 11. Nxa4 Qb7 12. Nc3 g6 13. Bb5 Rb8 14. a4 Bg7 15. h3
Bxf3 16. Qxf3 O-O 17. Qe2 Qa7 18. Bf4 Ne8 19. Rac1 Ne5 20. Bxe5 Bxe5 21. Rb1
Nc7 22. Bc6 Qa5 23. Bb5 Rb7 24. Qc4 Rfb8 25. b4 cxb4 26. Qxb4 Qxb4 27. Rxb4 Na6
28. Rbb1 Nc5 29. Bc6 Rb3 30. Rxb3 Nxb3 31. Rb1 Na5 32. Re1 Nc4 33. g3 g5 34.
Re2 Rb6 35. Kg2 Ra6 0-1

[Event "España ch 1ª Division Norte"]
[Site "Barcelona ESP"]
[Date "2005.08.13"]
[Round "5.11"]
[White "Tattersall, Lester"]
[Black "Menendez Rey, Javier"]
[Result "1/2-1/2"]
[WhiteElo "2273"]
[BlackElo "2218"]
[PlyCount "68"]
[EventDate "2005.08.11"]
[EventType "team"]
[EventRounds "6"]
[EventCountry "ESP"]
[Source "lmi"]
[SourceDate "2005.08.14"]

1. e4 e6 2. d4 d5 3. exd5 exd5 4. c4 Nf6 5. Nc3 Be7 6. Nf3 O-O 7. Be2 dxc4 8.
Bxc4 Bg4 9. O-O c6 10. Re1 Nbd7 11. a3 Bh5 12. Qd3 Bg6 13. Qe2 Bd6 14. Bg5 Re8
15. Qd2 Qc7 16. Ba2 h6 17. Bh4 Bf4 18. Qd1 Rxe1+ 19. Qxe1 Re8 20. Qf1 Qb6 21.
b4 a5 22. Qc4 axb4 23. axb4 Qc7 24. Bg3 Bxg3 25. hxg3 Qd6 26. Nh4 b5 27. Qb3
Kh7 28. Nxg6 fxg6 29. d5 Qe5 30. Rf1 Ng4 31. f3 Qe3+ 32. Kh1 Qe1 33. Kg1 Qe3+
34. Kh1 Qe1 1/2-1/2

[Event "España ch 1ª Division Norte"]
[Site "Barcelona ESP"]
[Date "2005.08.13"]
[Round "5.12"]
[White "Chalmeta Ugas, Jordi"]
[Black "Herrero Sabartes, Joan"]
[Result "1/2-1/2"]
[WhiteElo "2076"]
[BlackElo "2303"]
[PlyCount "29"]
[EventDate "2005.08.11"]
[EventType "team"]
[EventRounds "6"]
[EventCountry "ESP"]
[Source "lmi"]
[SourceDate "2005.08.14"]

1. d4 d6 2. c4 g6 3. Nc3 Bg7 4. e4 Nd7 5. Be3 e5 6. d5 Ne7 7. Qd2 f5 8. f3 Nf6
9. O-O-O O-O 10. Kb1 fxe4 11. Nxe4 Nf5 12. Bf2 Nxe4 13. fxe4 Nd4 14. Bxd4 exd4
15. Nf3 1/2-1/2

[Event "España ch 1ª Division Norte"]
[Site "Barcelona ESP"]
[Date "2005.08.13"]
[Round "5.12"]
[White "Perpinya Rofes, Lluis Maria"]
[Black "Lopez Roca, Xavier"]
[Result "1-0"]
[WhiteElo "2381"]
[BlackElo "2098"]
[PlyCount "37"]
[EventDate "2005.08.11"]
[EventType "team"]
[EventRounds "6"]
[EventCountry "ESP"]
[Source "lmi"]
[SourceDate "2005.08.14"]

1. e4 e5 2. Nf3 Nc6 3. Bb5 a6 4. Bxc6 dxc6 5. O-O f6 6. d4 Bg4 7. c3 Qd7 8. h3
Bxf3 9. Qxf3 exd4 10. cxd4 O-O-O 11. Nc3 Bb4 12. Rd1 h5 13. a3 Bxc3 14. Qxc3
Qe6 15. d5 Qxe4 16. Rd4 Qe8 17. dxc6 Ne7 18. cxb7+ Kb8 19. Bf4 1-0

[Event "España ch 1ª Division Norte"]
[Site "Barcelona ESP"]
[Date "2005.08.13"]
[Round "5.12"]
[White "Velasco Blasco, Juan"]
[Black "Prats Rodriguez, Joan Bosco"]
[Result "1-0"]
[WhiteElo "2181"]
[BlackElo "2070"]
[PlyCount "59"]
[EventDate "2005.08.11"]
[EventType "team"]
[EventRounds "6"]
[EventCountry "ESP"]
[Source "lmi"]
[SourceDate "2005.08.14"]

1. d4 d5 2. Nc3 Nf6 3. Bg5 Nbd7 4. e4 dxe4 5. f3 exf3 6. Nxf3 h6 7. Bh4 e6 8.
Bd3 Be7 9. O-O O-O 10. Qe2 c5 11. Kh1 cxd4 12. Ne4 Nd5 13. Bxe7 Qxe7 14. Nxd4
f5 15. Ng3 Nc5 16. Bc4 Qd6 17. Rad1 f4 18. Ne4 Qe7 19. Nxc5 f3 20. Rxf3 Rxf3
21. Bxd5 Rf6 22. Ndxe6 Bxe6 23. Nxe6 Kh8 24. Re1 Qd6 25. c4 b5 26. b3 bxc4 27.
Bxc4 Qb6 28. Qg4 Rf7 29. Qe4 Qb4 30. Rd1 1-0

[Event "España ch 1ª Division Norte"]
[Site "Barcelona ESP"]
[Date "2005.08.13"]
[Round "5.13"]
[White "Fernandez Molina, Victor Manuel"]
[Black "Basto Auzmendi, Mario"]
[Result "0-1"]
[WhiteElo "1794"]
[BlackElo "2132"]
[PlyCount "48"]
[EventDate "2005.08.11"]
[EventType "team"]
[EventRounds "6"]
[EventCountry "ESP"]
[Source "lmi"]
[SourceDate "2005.08.14"]

1. d4 Nf6 2. c4 g6 3. Nc3 Bg7 4. e4 d6 5. f3 O-O 6. Be3 Nbd7 7. Qd2 c5 8. d5 a6
9. g4 Ne5 10. h4 h5 11. g5 Ne8 12. Be2 Rb8 13. a4 Nc7 14. Nh3 b5 15. axb5 axb5
16. Nxb5 Nxb5 17. cxb5 Rxb5 18. f4 Rxb2 19. Qc1 Bg4 20. Bd2 Nf3+ 21. Bxf3 Bxf3
22. Bc3 Re2+ 23. Kf1 Qd7 24. Rb1 Qg4 0-1

[Event "España ch 1ª Division Norte"]
[Site "Barcelona ESP"]
[Date "2005.08.13"]
[Round "5.13"]
[White "Ingunza Lopez, Txema"]
[Black "Garcia Gomez, Jose Manuel"]
[Result "1-0"]
[WhiteElo "2047"]
[BlackElo "1781"]
[PlyCount "55"]
[EventDate "2005.08.11"]
[EventType "team"]
[EventRounds "6"]
[EventCountry "ESP"]
[Source "lmi"]
[SourceDate "2005.08.14"]

1. e4 c5 2. Nf3 d6 3. d4 cxd4 4. Nxd4 Nf6 5. Nc3 a6 6. Bg5 e6 7. f4 Be7 8. Qf3
Nbd7 9. Bc4 Qc7 10. Bxe6 Nc5 11. Bxc8 Rxc8 12. O-O-O h6 13. Bxf6 Bxf6 14. Nd5
Qd8 15. Nxf6+ Qxf6 16. Nf5 Rc6 17. g4 O-O 18. Ne3 Na4 19. e5 dxe5 20. Nd5 Qe6
21. Rhe1 f6 22. f5 Qf7 23. Qb3 Nc5 24. Ne7+ Kh8 25. Qxf7 Rxf7 26. Nxc6 bxc6 27.
Rd8+ Kh7 28. Rc8 1-0

[Event "España ch 1ª Division Norte"]
[Site "Barcelona ESP"]
[Date "2005.08.13"]
[Round "5.13"]
[White "Rodriguez Balzategui, Cesar"]
[Black "Diaz Sanchez, Jose Francisco"]
[Result "1/2-1/2"]
[WhiteElo "2210"]
[BlackElo "2019"]
[PlyCount "61"]
[EventDate "2005.08.11"]
[EventType "team"]
[EventRounds "6"]
[EventCountry "ESP"]
[Source "lmi"]
[SourceDate "2005.08.14"]

1. e4 c5 2. Nc3 Nc6 3. f4 d6 4. Nf3 g6 5. Bc4 Bg7 6. O-O Nf6 7. d3 O-O 8. Qe1
a6 9. a4 Bg4 10. Qh4 Bxf3 11. Rxf3 Nd4 12. Rf2 e6 13. f5 Nd7 14. Bg5 Bf6 15.
Bxf6 Qxf6 16. Qh3 Qe7 17. g4 Qg5 18. Rg2 Ne5 19. Ba2 b5 20. Rf1 b4 21. Nd1 Rae8
22. f6 d5 23. Ne3 dxe4 24. dxe4 Nd7 25. Qg3 h5 26. Bc4 h4 27. Qf2 a5 28. c3 Nc6
29. Bb5 Nce5 30. h3 Rd8 31. Kh1 1/2-1/2

[Event "España ch 1ª Division Norte"]
[Site "Barcelona ESP"]
[Date "2005.08.14"]
[Round "6.5"]
[White "Antolí Royo, Joaquín"]
[Black "Pomes Marcet, Juan"]
[Result "1-0"]
[WhiteElo "2305"]
[BlackElo "2375"]
[PlyCount "75"]
[EventDate "2005.08.11"]
[EventType "team"]
[EventRounds "6"]
[EventCountry "ESP"]
[Source "lmi"]
[SourceDate "2005.08.14"]

1. e4 e6 2. d4 d5 3. Nd2 c5 4. Ngf3 cxd4 5. Nxd4 Nf6 6. e5 Nfd7 7. N2f3 Nc6 8.
Bb5 Qc7 9. O-O Nxd4 10. Qxd4 Qxc2 11. Be3 Qe4 12. Qd2 Qb4 13. Qe2 a6 14. Bd3
Bc5 15. a3 Qb6 16. Bf4 h6 17. h3 Qd8 18. Qd2 Be7 19. Rac1 Nc5 20. Bc2 Bd7 21.
Nd4 Rc8 22. Be3 Ne4 23. Qe2 h5 24. Rfd1 Qa5 25. Qf3 Rxc2 26. Rxc2 g6 27. Qe2 h4
28. f3 Ng3 29. Qe1 Qa4 30. b3 Qxa3 31. Ra1 Qb4 32. Qxb4 Bxb4 33. Rc7 Rh5 34. f4
a5 35. Rxb7 Bc3 36. Ra2 Ne4 37. Rc2 Bc8 38. Rc7 1-0

[Event "España ch 1ª Division Norte"]
[Site "Barcelona ESP"]
[Date "2005.08.14"]
[Round "6.5"]
[White "Pablo Marin, Alejandro"]
[Black "Baron Rodriguez, Jesus"]
[Result "1/2-1/2"]
[WhiteElo "2424"]
[BlackElo "2445"]
[PlyCount "150"]
[EventDate "2005.08.11"]
[EventType "team"]
[EventRounds "6"]
[EventCountry "ESP"]
[Source "lmi"]
[SourceDate "2005.08.14"]

1. e4 e5 2. Nf3 Nc6 3. Bb5 a6 4. Ba4 Nf6 5. O-O Nxe4 6. d4 b5 7. Bb3 d5 8. dxe5
Be6 9. Nbd2 Nc5 10. c3 Be7 11. Bc2 d4 12. cxd4 Nxd4 13. Nxd4 Qxd4 14. Nf3 Qxd1
15. Rxd1 O-O 16. Nd4 Rfd8 17. Be3 Bd5 18. f4 Bf8 19. Ne2 Be4 20. Bxe4 Nxe4 21.
g4 g5 22. Kg2 gxf4 23. Bxf4 Nc5 24. Bg5 Rxd1 25. Rxd1 Ne6 26. Bf6 c5 27. Kf3 a5
28. Rd5 a4 29. Ke3 Rc8 30. h4 b4 31. b3 axb3 32. axb3 c4 33. bxc4 Rxc4 34. Rb5
Rxg4 35. Rb8 h5 36. Kf3 Kh7 37. Ng3 Kg6 38. Ne4 Rf4+ 39. Ke3 Kf5 40. Ng3+ Kg4
41. Ne4 Rf3+ 42. Kd2 Kf5 43. Ng5 Nxg5 44. Rxf8 Ne4+ 45. Ke2 Rh3 46. Rxf7 b3 47.
Bh8+ Ke6 48. Rb7 Nc5 49. Rb6+ Kd5 50. Rd6+ Kc4 51. e6 Rxh4 52. Kf3 Re4 53. Bb2
Rxe6 54. Rd4+ Kb5 55. Rd5 h4 56. Rh5 Kc4 57. Rxh4+ Kd3 58. Rb4 Kc2 59. Bg7 Nd3
60. Rc4+ Kd2 61. Bc3+ Kd1 62. Re4 Rc6 63. Bg7 Rc7 64. Bd4 Rc4 65. Ke3 Ne1 66.
Bg7 Rxe4+ 67. Kxe4 Kc2 68. Kd5 Kd3 69. Kc5 Nc2 70. Bh8 Ne3 71. Kb4 Kc2 72. Bg7
Nf5 73. Bh8 Ne7 74. Kc4 b2 75. Bxb2 Kxb2 1/2-1/2

[Event "España ch 1ª Division Norte"]
[Site "Barcelona ESP"]
[Date "2005.08.14"]
[Round "6.5"]
[White "Simon Padros, Emili"]
[Black "Glaria Murillo, Christian"]
[Result "0-1"]
[WhiteElo "2287"]
[BlackElo "2143"]
[PlyCount "73"]
[EventDate "2005.08.11"]
[EventType "team"]
[EventRounds "6"]
[EventCountry "ESP"]
[Source "lmi"]
[SourceDate "2005.08.14"]

1. e4 c5 2. Nc3 d6 3. g3 Nc6 4. Bg2 g6 5. f4 Bg7 6. d3 e6 7. Nf3 Nge7 8. O-O
O-O 9. Bd2 Rb8 10. Rb1 b5 11. a3 Nd4 12. Ne2 Nxe2+ 13. Qxe2 Nc6 14. c3 a5 15.
Be3 b4 16. e5 f5 17. Nd2 Ne7 18. cxb4 axb4 19. exd6 Qxd6 20. Nc4 Qc7 21. Qf2
Bd4 22. Bxd4 cxd4 23. Qxd4 Rd8 24. Qe5 Qxe5 25. Nxe5 Ba6 26. Rfd1 bxa3 27. bxa3
Rxb1 28. Rxb1 Nd5 29. Bxd5 Rxd5 30. Rb3 g5 31. Kf2 gxf4 32. gxf4 Kf8 33. Ke3
Kg8 34. Rb8+ Kg7 35. Ra8 Bb7 36. Ra7 Rb5 37. Nc4 0-1

[Event "España ch 1ª Division Norte"]
[Site "Barcelona ESP"]
[Date "2005.08.14"]
[Round "6.6"]
[White "Obon Temprano, Sergi"]
[Black "Salgado Lopez, Ivan"]
[Result "0-1"]
[WhiteElo "2173"]
[BlackElo "2340"]
[PlyCount "48"]
[EventDate "2005.08.11"]
[EventType "team"]
[EventRounds "6"]
[EventCountry "ESP"]
[Source "lmi"]
[SourceDate "2005.08.14"]

1. e4 c5 2. Nf3 d6 3. d4 Nf6 4. Nc3 cxd4 5. Nxd4 a6 6. Bg5 e6 7. f4 Qc7 8. Qf3
b5 9. O-O-O b4 10. e5 Bb7 11. Ncb5 axb5 12. Bxb5+ Nbd7 13. Qh3 b3 14. exf6 bxa2
15. Kd2 Qa5+ 16. c3 O-O-O 17. fxg7 Bxg7 18. Bxd8 Rxd8 19. b4 Qa3 20. Qd3 Nc5
21. Qc4 Bd5 22. Nc2 Qb2 23. Ba6+ Kc7 24. Qb5 Qxc3+ 0-1

[Event "España ch 1ª Division Norte"]
[Site "Barcelona ESP"]
[Date "2005.08.14"]
[Round "6.6"]
[White "Pena Gomez, Manuel"]
[Black "Travesset Ribera, Daniel"]
[Result "0-1"]
[WhiteElo "2297"]
[BlackElo "2166"]
[PlyCount "110"]
[EventDate "2005.08.11"]
[EventType "team"]
[EventRounds "6"]
[EventCountry "ESP"]
[Source "lmi"]
[SourceDate "2005.08.14"]

1. e4 c5 2. Nf3 Nc6 3. d4 cxd4 4. Nxd4 d5 5. exd5 Qxd5 6. Be3 e6 7. Nc3 Bb4 8.
Ndb5 Qe5 9. a3 Be7 10. Be2 a6 11. Nd4 Bd7 12. Nf3 Qc7 13. O-O Nf6 14. Bd3 O-O
15. Qe2 Rfd8 16. Bd2 Rac8 17. Rfd1 h6 18. Ne4 Nxe4 19. Qxe4 f5 20. Qe1 e5 21.
Bc3 Bf6 22. Bc4+ Kh7 23. Bb3 Re8 24. Qd2 Be6 25. Bxe6 Rxe6 26. Qd7 Qxd7 27.
Rxd7 Re7 28. Rxe7 Bxe7 29. g3 e4 30. Ne1 Rd8 31. Kf1 Bc5 32. Ng2 g5 33. h4 Kg6
34. hxg5 hxg5 35. b4 Bb6 36. Rb1 Nd4 37. Ne3 f4 38. Nc4 Rc8 39. Nxb6 Rxc3 40.
gxf4 gxf4 41. Nd5 Rf3 42. c3 Nc2 43. Ke2 Nxa3 44. Rg1+ Kf5 45. Rg8 Ke6 46. Rd8
Nb1 47. c4 Nc3+ 48. Nxc3 Rxc3 49. Rb8 Rc2+ 50. Ke1 Rxc4 51. Rxb7 Kf5 52. b5
axb5 53. Rxb5+ Kg4 54. Kf1 Kf3 55. Rb3+ e3 0-1

[Event "España ch 1ª Division Norte"]
[Site "Barcelona ESP"]
[Date "2005.08.14"]
[Round "6.7"]
[White "Castellet Giralt, Gabriel"]
[Black "Llorente Fernandez, Carlos"]
[Result "1/2-1/2"]
[WhiteElo "2224"]
[BlackElo "1925"]
[PlyCount "76"]
[EventDate "2005.08.11"]
[EventType "team"]
[EventRounds "6"]
[EventCountry "ESP"]
[Source "lmi"]
[SourceDate "2005.08.14"]

1. d4 d5 2. c4 c6 3. Nf3 Nf6 4. Nc3 dxc4 5. a4 Bf5 6. e3 e6 7. Bxc4 Bb4 8. O-O
O-O 9. Qe2 Bg6 10. Ne5 Nbd7 11. Nxg6 hxg6 12. Rd1 Qa5 13. e4 e5 14. d5 Rad8 15.
Bg5 Nc5 16. Bxf6 gxf6 17. Qe3 Kg7 18. Ne2 Nd7 19. Ng3 Rh8 20. Nf1 Nb6 21. Qb3
Nxc4 22. Qxc4 Qc5 23. Qxc5 Bxc5 24. Rac1 Bd4 25. dxc6 bxc6 26. b4 a5 27. bxa5
Ra8 28. Nd2 Rxa5 29. Nb3 Rxa4 30. Nxd4 exd4 31. Rxc6 Rd8 32. f3 Rb4 33. Rc2 Ra4
34. Kf2 Ra5 35. g4 g5 36. Kg3 Ra4 37. h4 gxh4+ 38. Kxh4 Ra7 1/2-1/2

[Event "España ch 1ª Division Norte"]
[Site "Barcelona ESP"]
[Date "2005.08.14"]
[Round "6.7"]
[White "Hernando Rodrigo, Julio"]
[Black "Gonzalez Valero, Julio"]
[Result "1-0"]
[WhiteElo "2371"]
[BlackElo "2288"]
[PlyCount "91"]
[EventDate "2005.08.11"]
[EventType "team"]
[EventRounds "6"]
[EventCountry "ESP"]
[Source "lmi"]
[SourceDate "2005.08.14"]

1. d4 d5 2. Nf3 Nf6 3. c4 c6 4. e3 Bf5 5. Bd3 Bxd3 6. Qxd3 e6 7. O-O Nbd7 8.
Nc3 Be7 9. Rb1 O-O 10. b4 dxc4 11. Qxc4 Nd5 12. a3 N7b6 13. Qb3 Nxc3 14. Qxc3
Qd5 15. Bd2 Rad8 16. Rfd1 Qe4 17. Qb3 Rd5 18. Ne5 Bf6 19. f3 Qh4 20. Be1 Qh5
21. Nd3 e5 22. Bg3 Nd7 23. dxe5 Bxe5 24. Bxe5 Nxe5 25. Nf4 Nxf3+ 26. gxf3 Rg5+
27. Ng2 Qxf3 28. Rd2 Qe4 29. Rf2 Kh8 30. Rd1 f6 31. Qd3 Qe8 32. Kh1 a5 33. Rf5
axb4 34. Rxg5 fxg5 35. axb4 h6 36. e4 Qe5 37. Re1 Rf2 38. Qg3 Qf6 39. Kg1 Rb2
40. e5 Qe7 41. e6 Rxb4 42. Qd3 Rb2 43. Ra1 Qf8 44. Qe4 Qf2+ 45. Kh1 Ra2 46. Re1
1-0

[Event "España ch 1ª Division Norte"]
[Site "Barcelona ESP"]
[Date "2005.08.14"]
[Round "6.7"]
[White "Santos Santos, Pablo"]
[Black "Peralta, Fernando"]
[Result "1/2-1/2"]
[WhiteElo "2303"]
[BlackElo "2553"]
[PlyCount "48"]
[EventDate "2005.08.11"]
[EventType "team"]
[EventRounds "6"]
[EventCountry "ESP"]
[Source "lmi"]
[SourceDate "2005.08.14"]

1. d4 d5 2. c4 c6 3. Nf3 Nf6 4. e3 Bg4 5. Nc3 e6 6. h3 Bxf3 7. Qxf3 Nbd7 8.
cxd5 exd5 9. Bd3 Bb4 10. Bd2 Qe7 11. O-O O-O 12. a3 Bd6 13. Rfe1 Nb6 14. e4
dxe4 15. Nxe4 Nxe4 16. Rxe4 Qd7 17. Rae1 Nd5 18. Bg5 Rfe8 19. Bc4 Rxe4 20. Qxe4
Nc7 21. Qf3 Re8 22. Rxe8+ Qxe8 23. Bf4 Qe1+ 24. Kh2 Bxf4+ 1/2-1/2

[Event "España ch 1ª Division Norte"]
[Site "Barcelona ESP"]
[Date "2005.08.14"]
[Round "6.7"]
[White "Varela Mourin, Jesus"]
[Black "Randazzo, Adrian"]
[Result "1-0"]
[WhiteElo "2205"]
[BlackElo "2262"]
[PlyCount "106"]
[EventDate "2005.08.11"]
[EventType "team"]
[EventRounds "6"]
[EventCountry "ESP"]
[Source "lmi"]
[SourceDate "2005.08.14"]

1. e4 c5 2. Nc3 a6 3. g3 b5 4. Bg2 Bb7 5. f4 d6 6. d3 e6 7. Qe2 Nc6 8. Nf3 Nd4
9. Qf2 Nxf3+ 10. Bxf3 Be7 11. O-O Qc7 12. Be3 Nf6 13. Rae1 O-O 14. Qg2 b4 15.
Ne2 a5 16. g4 Nd7 17. g5 Rfe8 18. h4 Bf8 19. h5 g6 20. Qh1 Bg7 21. Rf2 Bxb2 22.
d4 Ba6 23. e5 d5 24. dxc5 Bxe2 25. Rexe2 Bc3 26. Rh2 Nf8 27. f5 Bxe5 28. f6
Bxh2+ 29. Rxh2 Qg3+ 30. Kf1 Qe5 31. Re2 Qc7 32. hxg6 fxg6 33. Bd4 Qf7 34. Kf2
Rac8 35. Qh3 Rc6 36. Qh6 Rd8 37. Bg4 Rd7 38. Kg2 Rb7 39. Re3 a4 40. Qh3 Qe8 41.
Qf3 Qc8 42. Qe2 Rf7 43. Qe1 Qa6 44. Qxb4 Qc4 45. Qxc4 dxc4 46. Bf3 Ra6 47. c6
Rc7 48. Be5 Rcxc6 49. Bxc6 Rxc6 50. Re4 Nd7 51. Bc3 Nb6 52. Re1 Nd5 53. Bd4 c3
1-0